Romans: (Record no. 426)

000 -LEADER
fixed length control field 00638nam a2200193 a 4500
001 - CONTROL NUMBER
control field :::00013580$&:&@@
003 - CONTROL NUMBER IDENTIFIER
control field OkBaRHE
005 - DATE AND TIME OF LATEST TRANSACTION
control field 20100324120453.0
008 - FIXED-LENGTH DATA ELEMENTS--GENERAL INFORMATION
fixed length control field s1973 j 000 0 eng u
040 ## - CATALOGING SOURCE
Transcribing agency
100 1# - MAIN ENTRY--PERSONAL NAME
Personal name Lloyd-Jones, David Martyn.
245 10 - TITLE STATEMENT
Title Romans:
Remainder of title an exposition of chapter 6, the new man.
260 ## - PUBLICATION, DISTRIBUTION, ETC. (IMPRINT)
Place of publication, distribution, etc Grand Rapids, MI., :
Name of publisher, distributor, etc Zondervan Pub. House
Date of publication, distribution, etc 1973
300 ## - PHYSICAL DESCRIPTION
Extent xii, 313 p. ;
Dimensions 23 cm.
650 ## - SUBJECT ADDED ENTRY--TOPICAL TERM
Topical term or geographic name as entry element Bible New Testament Romans 6
General subdivision Sermons
650 ## - SUBJECT ADDED ENTRY--TOPICAL TERM
Topical term or geographic name as entry element Sermons, English
942 ## - ADDED ENTRY ELEMENTS (KOHA)
Source of classification or shelving scheme
Koha item type Books
Copies
Damaged status Date acquired Not for loan Permanent Location Shelving location Withdrawn status Collection code Copy number Barcode Lost status Date last seen Koha item type Full call number Price effective from Source of classification or shelving scheme
 2010-04-14 RHEMA Bible Training CollegeGeneral Stacks Reference113580 2018-03-28BooksBS 2665.4 .L582010-04-14